[Event "BAN-chT Premier"]
[Site "Dhaka"]
[Date "2022.12.08"]
[Round "9.3"]
[White "Md, Mesbah Uddin"]
[Black "Manon, Reja Neer"]
[Result "0-1"]
[WhiteElo "1778"]
[BlackElo "2102"]
[PlyCount "105"]
[EventDate "2022.11.30"]
[EventType "team-tourn"]
[EventRounds "11"]
[EventCountry "BAN"]
[SourceTitle "CBM 211 Extra"]
[Source "ChessBase"]
[SourceDate "2023.01.31"]
[SourceVersion "1"]
[SourceVersionDate "2023.01.31"]
[SourceQuality "1"]
[WhiteTeam "Sultana Kamal Smirity Pathagar"]
[BlackTeam "Bangladesh Police"]
[WhiteTeamCountry "BAN"]
[BlackTeamCountry "BAN"]

1. e4 c6 2. Nf3 d5 3. Nc3 Bg4 4. d4 dxe4 5. Nxe4 Bxf3 6. gxf3 e6 7. Bf4 Nf6 8. Qd3 Nd5 9. Bd2 a5 10. a3 b5 11. Rg1 Nd7 12. Bh3 Qc7 13. Rg2 g6 14. Ng5 N7b6 15. Qe2 Be7 16. b3 Nf4 17. Bxf4 Qxf4 18. Qe5 Qxe5+ 19. dxe5 a4 20. b4 Nc4 21. c3 Nxe5 22. Ke2 h6 23. Ne4 f5 24. f4 Nd7 25. Nd2 g5 26. Rg3 gxf4 27. Rd3 Ne5 28. Rd4 Rd8 29. Bg2 Bf6 30. Rd1 Ke7 31. Rxf4 Ng6 32. Rf3 Nh4 33. Rg3 Nxg2 34. Rxg2 Bxc3 35. Nf3 Rxd1 36. Kxd1 Bf6 37. Kc2 e5 38. Ne1 Rd8 39. f3 Bg5 40. Nd3 Rd5 41. h4 Bf6 42. Rg6 h5 43. Rh6 Kf7 44. Rh7+ Kg6 45. Rc7 Bxh4 46. Rxc6+ Bf6 47. Rc5 Rxc5+ 48. bxc5 h4 49. c6 Bd8 50. Nxe5+ Kf6 51. f4 h3 52. Nd3 h2 53. Nf2 0-1